000
00308nam a22001217a 4500
008
180515b xxu||||| |||| 00| 0 eng d
041
_a
eng
080
_a
043.3
100
_a
0
101
_a
MBE-BTH
245
_a
Statistikat mbi regjistrimin e popullsisë: Metodologjia e aplikuar
_c
Muja,L
942
_2
udc
_c
BK
999
_c
45823
_d
45823